[Event "TUR-chT 2nd League"]
[Site "Konya"]
[Date "2022.08.25"]
[Round "5.4"]
[White "Ozturk, Emir"]
[Black "Aydin, Akin"]
[Result "1-0"]
[WhiteElo "2193"]
[BlackElo "1704"]
[PlyCount "43"]
[EventDate "2022.08.22"]
[EventType "team-swiss"]
[EventRounds "9"]
[EventCountry "TUR"]
[SourceTitle "CBM 210 Extra"]
[Source "ChessBase"]
[SourceDate "2022.11.30"]
[SourceVersion "1"]
[SourceVersionDate "2022.11.30"]
[SourceQuality "1"]
[WhiteTeam "Alacati Satranc"]
[BlackTeam "Cesme Belediye"]
[WhiteTeamCountry "TUR"]
[BlackTeamCountry "TUR"]

1. d4 d5 2. Nf3 Nf6 3. c4 e6 4. Bg5 Be7 5. Nbd2 0-0 6. e3 Nbd7 7. Bd3 h6 8. Bh4 c5 9. 0-0 b6 10. cxd5 Nxd5 11. Bg3 Bb7 12. a3 cxd4 13. Nxd4 Nc5 14. Be2 Bg5 15. N2f3 Bxe3 16. fxe3 Nxe3 17. Qc1 Nxf1 18. Qxf1 Ne4 19. Bf4 Rc8 20. Rd1 Qd5 21. Be3 Qa2 22. Rb1 1-0

[Event "TUR-chT 2nd League"]
[Site "Konya"]
[Date "2019.07.26"]
[Round "7.4"]
[White "Eken, Atakan"]
[Black "Ozturk, Emir"]
[Result "1/2-1/2"]
[WhiteElo "1763"]
[BlackElo "2216"]
[PlyCount "59"]
[EventDate "2019.07.22"]
[EventType "team-swiss"]
[EventRounds "9"]
[EventCountry "TUR"]
[SourceTitle "CBM 191 Extra"]
[Source "ChessBase"]
[SourceDate "2019.09.30"]
[SourceVersion "1"]
[SourceVersionDate "2019.09.30"]
[SourceQuality "1"]
[WhiteTeam "Marmara Universitesi"]
[BlackTeam "Seyhan Belediye"]
[WhiteTeamCountry "TUR"]
[BlackTeamCountry "TUR"]

1. e4 g6 2. d4 Bg7 3. Nf3 d6 4. c3 Nf6 5. Bd3 0-0 6. 0-0 c6 7. Qe2 d5 8. Nbd2 dxe4 9. Nxe4 Nxe4 10. Bxe4 Bg4 11. h3 Bxf3 12. Bxf3 e6 13. Bf4 Nd7 14. a4 a5 15. Rfe1 Re8 16. Rad1 Nb6 17. Qc2 Nd5 18. Be5 b5 19. Bxg7 Kxg7 20. axb5 cxb5 21. Qb3 Qd7 22. Re5 a4 23. Qc2 Ra6 24. Bxd5 exd5 25. Qd3 Rae6 26. Rde1 Qc6 27. Rxe6 Rxe6 28. Rxe6 fxe6 29. Qe3 Qd6 30. Qe2 1/2-1/2

[Event "TUR-chT 2nd League"]
[Site "Konya"]
[Date "2017.07.22"]
[Round "8.1"]
[White "Aydin, Ersin"]
[Black "Ozturk, Emir"]
[Result "0-1"]
[WhiteElo "1922"]
[BlackElo "2202"]
[PlyCount "113"]
[EventDate "2017.07.17"]
[EventType "team-swiss"]
[EventRounds "9"]
[EventCountry "TUR"]
[SourceTitle "CBM 179 Extra"]
[Source "ChessBase"]
[SourceDate "2017.08.23"]
[SourceVersion "1"]
[SourceVersionDate "2017.08.23"]
[SourceQuality "1"]
[WhiteTeam "Samsun Gercek"]
[BlackTeam "Berk Tugra Caliskan"]
[WhiteTeamCountry "TUR"]
[BlackTeamCountry "TUR"]

1. d4 d5 2. c4 e6 3. Nf3 a6 4. cxd5 exd5 5. Nc3 c6 6. Bf4 Bd6 7. Bg3 Ne7 8. e3 Nf5 9. Bd3 Nxg3 10. hxg3 h6 11. Qc2 Be6 12. 0-0-0 Nd7 13. Kb1 Nf6 14. Ng5 Kd7 15. Nxe6 fxe6 16. e4 dxe4 17. Nxe4 Nxe4 18. Bxe4 Qf6 19. Rhe1 Rad8 20. Re3 Bc7 21. Rf3 Qg5 22. Rb3 Kc8 23. f4 Qa5 24. Ra3 Qb6 25. Rb3 Qa7 26. Qc4 Rd6 27. Rbd3 Rhd8 28. f5 exf5 29. Bxf5+ Kb8 30. Be4 Qb6 31. a3 Ka7 32. Bf3 Qb5 33. Qxb5 axb5 34. Kc2 R6d7 35. g4 Re8 36. b4 Bd6 37. Kb3 Kb6 38. d5 c5 39. bxc5+ Bxc5 40. Kb2 Bd6 41. R1d2 Rde7 42. Kb3 Re3 43. Kb2 Re1 44. Rd1 R1e3 45. R1d2 Ka5 46. Bd1 Re1 47. Kb3 R8e3 48. Kb2 Re4 49. Rb3 R1e3 50. Rdd3 Rxd3 51. Rxd3 Re1 52. Kb3 Rg1 53. Bf3 Rb1+ 54. Ka2 Re1 55. Bd1 Kb6 56. Bf3 Kc5 57. Kb3 0-1

[Event "TUR-chT 2nd League"]
[Site "Konya"]
[Date "2017.07.21"]
[Round "7.1"]
[White "Ozturk, Emir"]
[Black "Dogdu, Mehmet"]
[Result "1-0"]
[WhiteElo "2202"]
[BlackElo "1985"]
[PlyCount "95"]
[EventDate "2017.07.17"]
[EventType "team-swiss"]
[EventRounds "9"]
[EventCountry "TUR"]
[SourceTitle "CBM 179 Extra"]
[Source "ChessBase"]
[SourceDate "2017.08.23"]
[SourceVersion "1"]
[SourceVersionDate "2017.08.23"]
[SourceQuality "1"]
[WhiteTeam "Berk Tugra Caliskan"]
[BlackTeam "Konya Erkin"]
[WhiteTeamCountry "TUR"]
[BlackTeamCountry "TUR"]

1. d4 Nf6 2. c4 e6 3. Nc3 Bb4 4. e3 0-0 5. Nge2 d5 6. a3 Be7 7. cxd5 Nxd5 8. Bd2 Nf6 9. g3 Nc6 10. Bg2 e5 11. d5 Na5 12. Qa4 b6 13. 0-0 Bd7 14. Qc2 Nc4 15. Bc1 Nd6 16. b3 Rc8 17. Bb2 c6 18. Qd2 c5 19. e4 Nb7 20. Nd1 Bd6 21. Ne3 Na5 22. Nc1 Qc7 23. Bc3 Ng4 24. Nd1 f5 25. exf5 Bxf5 26. h3 Nh6 27. g4 Bg6 28. Ne3 Rf4 29. Bxa5 bxa5 30. Ne2 Rcf8 31. Nc4 R4f7 32. Ng3 Qe7 33. Rac1 Rf4 34. Ne2 Rxc4 35. Rxc4 Nf7 36. Qe3 Qh4 37. f4 h6 38. f5 Bh7 39. Nc3 Be7 40. Qf2 Qf6 41. Ne4 Qb6 42. Qe3 Nd6 43. Nxd6 Qxd6 44. Re1 Qb6 45. Qxe5 Bd6 46. Qc3 Kh8 47. Re6 Bg8 48. Rxh6+ 1-0

[Event "Albena op"]
[Site "Albena"]
[Date "2017.06.25"]
[Round "9"]
[White "Ozturk, Emir"]
[Black "Ioannidis, Evgenios"]
[Result "1/2-1/2"]
[WhiteElo "2190"]
[BlackElo "2388"]
[PlyCount "36"]
[EventDate "2017.06.17"]
[EventType "swiss"]
[EventRounds "9"]
[EventCountry "BUL"]
[SourceTitle "CBM 179 Extra"]
[Source "ChessBase"]
[SourceDate "2017.08.23"]
[SourceVersion "1"]
[SourceVersionDate "2017.08.23"]
[SourceQuality "1"]

1. d4 d5 2. c4 c6 3. Nf3 Nf6 4. Nbd2 g6 5. g3 Bg7 6. Bg2 0-0 7. 0-0 Bf5 8. b3 Ne4 9. Bb2 Nd7 10. cxd5 cxd5 11. Nh4 Nxd2 12. Qxd2 Be6 13. Qb4 Rb8 14. Rfc1 h6 15. Nf3 Bf5 16. Nh4 Be6 17. Nf3 Bf5 18. Nh4 Be6 1/2-1/2

[Event "Albena op"]
[Site "Albena"]
[Date "2017.06.21"]
[Round "5"]
[White "Ozturk, Emir"]
[Black "Dimitrov, Radoslav"]
[Result "0-1"]
[WhiteElo "2190"]
[BlackElo "2458"]
[PlyCount "132"]
[EventDate "2017.06.17"]
[EventType "swiss"]
[EventRounds "9"]
[EventCountry "BUL"]
[SourceTitle "CBM 179 Extra"]
[Source "ChessBase"]
[SourceDate "2017.08.23"]
[SourceVersion "1"]
[SourceVersionDate "2017.08.23"]
[SourceQuality "1"]

1. d4 d5 2. c4 dxc4 3. Nf3 Nf6 4. e3 e6 5. Bxc4 a6 6. a4 c5 7. 0-0 Nc6 8. Nc3 Be7 9. Ne5 Bd7 10. Nxd7 Qxd7 11. dxc5 Qxd1 12. Rxd1 Bxc5 13. Bd2 Ke7 14. Na2 Rhc8 15. Rac1 Bd6 16. b4 a5 17. bxa5 Nxa5 18. Bb5 Rxc1 19. Nxc1 Nd5 20. Nd3 f5 21. Rb1 b6 22. f3 Rc8 23. e4 Nc3 24. Bxc3 Rxc3 25. exf5 exf5 26. g3 Nb3 27. Kf2 Nd4 28. Nb4 Rxf3+ 29. Kg2 Bxb4 30. Rxb4 Nc2 31. Rc4 Ne1+ 32. Kg1 Rb3 33. Rc6 Rb2 34. Kf1 Nf3 35. h4 Nd2+ 36. Ke1 Ne4 37. Rxb6 Nxg3 38. a5 f4 39. Bc4 Rc2 40. Bd3 Ra2 41. Rb4 Rxa5 42. Rxf4 g6 43. Rf3 Nh5 44. Be2 Nf6 45. Rb3 Ra4 46. Rh3 Nd5 47. Kf2 Ra2 48. Rf3 Ke6 49. Kf1 Ke5 50. Bc4 Ra1+ 51. Kf2 Nf6 52. Kg3 Ne4+ 53. Kh2 Nd2 54. Rc3 Ra4 55. Bg8 Rxh4+ 56. Kg2 Ne4 57. Ra3 Rg4+ 58. Kh2 h5 59. Bf7 Nd6 60. Ra5+ Kf6 61. Bb3 Rb4 62. Ba2 Rb2+ 63. Kg1 h4 64. Kh1 Ne4 65. Be6 Ng3+ 66. Kg1 h3 0-1

[Event "Dyuni op 2nd"]
[Site "Dyuni"]
[Date "2016.09.04"]
[Round "6"]
[White "Ozturk, Emir"]
[Black "Stoyanov, Tsvetan"]
[Result "1-0"]
[WhiteElo "2191"]
[BlackElo "2068"]
[PlyCount "149"]
[EventDate "2016.09.02"]
[EventType "swiss"]
[EventRounds "7"]
[EventCountry "BUL"]
[SourceTitle "CBM 174 Extra"]
[Source "ChessBase"]
[SourceDate "2016.10.10"]
[SourceVersion "1"]
[SourceVersionDate "2016.10.10"]
[SourceQuality "1"]

1. d4 Nf6 2. c4 e6 3. Nf3 Bb4+ 4. Bd2 Qe7 5. g3 b6 6. Bg2 Bb7 7. 0-0 Bxd2 8. Qxd2 0-0 9. Qc2 d6 10. Nc3 Nbd7 11. e4 e5 12. Nd5 Nxd5 13. cxd5 Rfc8 14. dxe5 dxe5 15. Rfd1 c6 16. d6 Qe6 17. h4 Rd8 18. Ng5 Qe8 19. Bh3 h6 20. Nf3 Nf6 21. b4 c5 22. bxc5 Bxe4 23. Qc3 Bxf3 24. Qxf3 bxc5 25. Rac1 e4 26. Qe3 Qc6 27. Rxc5 Qb6 28. Qd4 Nd7 29. Bxd7 Rxd7 30. Qxe4 Rad8 31. Rc6 Qb2 32. Qd5 Qf6 33. Kg2 Qg6 34. a4 Kh7 35. a5 Qf6 36. Rd4 Kg8 37. a6 Qg6 38. Qe5 h5 39. Rd5 Qh6 40. Qf5 g6 41. Qe4 Qf8 42. Qf4 Qe8 43. Qd4 Qf8 44. Qe5 Qg7 45. Qf4 Qf8 46. Rd4 Qe8 47. Kh2 Qe6 48. Re4 Qd5 49. Rc7 Qxd6 50. Qxd6 Rxd6 51. Rxa7 R6d7 52. Rxd7 Rxd7 53. Ra4 Ra7 54. Kg2 Kf8 55. Kf3 Ke7 56. Kf4 f6 57. Ke4 Kd6 58. Kd4 Kc6 59. Kc4 Kd6 60. Kb5 Kc7 61. Re4 Ra8 62. Re6 Rf8 63. Re7+ Kb8 64. Rh7 f5 65. Rb7+ Ka8 66. Rb6 Rg8 67. f4 Ka7 68. Rc6 Kb8 69. Kc5 Ka7 70. Kd5 Rd8+ 71. Ke5 Re8+ 72. Re6 Rg8 73. Kf6 Ka8 74. Kf7 Rc8 75. Re8 1-0

[Event "Dyuni op 2nd"]
[Site "Dyuni"]
[Date "2016.09.03"]
[Round "3"]
[White "Vladimirov, Ivo"]
[Black "Ozturk, Emir"]
[Result "0-1"]
[WhiteElo "2017"]
[BlackElo "2191"]
[PlyCount "122"]
[EventDate "2016.09.02"]
[EventType "swiss"]
[EventRounds "7"]
[EventCountry "BUL"]
[SourceTitle "CBM 174 Extra"]
[Source "ChessBase"]
[SourceDate "2016.10.10"]
[SourceVersion "1"]
[SourceVersionDate "2016.10.10"]
[SourceQuality "1"]

1. d4 Nf6 2. c4 e6 3. Nc3 Bb4 4. Qc2 c5 5. dxc5 0-0 6. a3 Bxc5 7. Nf3 b6 8. Bg5 h6 9. Bh4 Bb7 10. e3 Nc6 11. Be2 Be7 12. 0-0 Nh5 13. Bxe7 Qxe7 14. Rad1 Nf6 15. e4 d6 16. Rd2 Rfd8 17. Rfd1 Rac8 18. Qb1 Na5 19. e5 dxe5 20. Rxd8+ Rxd8 21. Nxe5 Rc8 22. Qd3 Ba6 23. Qd6 Qxd6 24. Rxd6 Bxc4 25. Nxc4 Nxc4 26. Bxc4 Rxc4 27. h3 Rc8 28. Nb5 Ra8 29. Nc7 Rb8 30. Nb5 a6 31. Nc7 a5 32. Na6 Rb7 33. Rd8+ Kh7 34. Kf1 Nd5 35. g3 g6 36. Ke2 Ra7 37. Nb8 Rc7 38. Kd2 Kg7 39. Rd6 Rc8 40. Nc6 Nf6 41. Kd3 Ne8 42. Rd8 Rxc6 43. Rxe8 g5 44. Rd8 h5 45. Rd4 e5 46. Rd8 Rf6 47. Ke3 g4 48. hxg4 hxg4 49. Rd5 Rf3+ 50. Ke4 Rxf2 51. Rb5 Kg6 52. Rxb6+ f6 53. Kd5 Rf3 54. Rb5 Rxg3 55. Rxa5 Rb3 56. Ra8 Kf5 57. a4 Rxb2 58. a5 g3 59. Rg8 Rb5+ 60. Kc4 Rxa5 61. Rxg3 Ra1 0-1

[Event "TUR-chT2"]
[Site "Konya"]
[Date "2014.06.25"]
[Round "4.2"]
[White "Erdogdu, Mert"]
[Black "Ozturk, Emir"]
[Result "1-0"]
[WhiteElo "2423"]
[BlackElo "2170"]
[PlyCount "91"]
[EventDate "2014.06.23"]
[EventType "team-swiss"]
[EventRounds "9"]
[EventCountry "TUR"]
[SourceTitle "CBM 161 Extra"]
[Source "ChessBase"]
[SourceDate "2014.08.29"]
[SourceVersion "1"]
[SourceVersionDate "2014.08.29"]
[SourceQuality "1"]
[WhiteTeam "Kayseri Seker"]
[BlackTeam "Deniz Pamukkale"]
[WhiteTeamCountry "TUR"]
[BlackTeamCountry "TUR"]

1. Nf3 c5 2. e4 e6 3. d4 cxd4 4. Nxd4 a6 5. c4 Nf6 6. Nc3 Qc7 7. a3 d6 8. Be2 Be7 9. Be3 Nbd7 10. 0-0 b6 11. f3 Bb7 12. Qd2 0-0 13. Rfc1 Rac8 14. Rc2 Qb8 15. Rb1 Rfe8 16. b4 Bd8 17. Kh1 Bc7 18. Bg1 Kh8 19. a4 Rg8 20. a5 bxa5 21. b5 Qa8 22. b6 Bb8 23. Nb3 d5 24. exd5 exd5 25. cxd5 Rxc3 26. Rxc3 Nxd5 27. Rd3 a4 28. Na5 N7f6 29. Bf1 Bd6 30. Nxb7 Qxb7 31. Qa5 a3 32. Rxa3 Bxa3 33. Qxa3 Ra8 34. Bxa6 Rxa6 35. Qxa6 Qxa6 36. b7 h6 37. b8Q+ Kh7 38. Qe5 Qd3 39. Rb7 Qg6 40. Ra7 h5 41. h4 Kg8 42. Ra8+ Kh7 43. Rd8 Qd3 44. Kh2 Qd2 45. Qf5+ g6 46. Qxf6 1-0

[Event "TUR-chT2"]
[Site "Konya"]
[Date "2014.06.24"]
[Round "3.1"]
[White "Ozturk, Emir"]
[Black "Yelligedik, Murat"]
[Result "1/2-1/2"]
[WhiteElo "2170"]
[BlackElo "1846"]
[PlyCount "134"]
[EventDate "2014.06.23"]
[EventType "team-swiss"]
[EventRounds "9"]
[EventCountry "TUR"]
[SourceTitle "CBM 161 Extra"]
[Source "ChessBase"]
[SourceDate "2014.08.29"]
[SourceVersion "1"]
[SourceVersionDate "2014.08.29"]
[SourceQuality "1"]
[WhiteTeam "Deniz Pamukkale"]
[BlackTeam "Callica"]
[WhiteTeamCountry "TUR"]
[BlackTeamCountry "TUR"]

1. d4 Nf6 2. Nf3 e6 3. Bf4 c5 4. c3 b6 5. e3 Bb7 6. Nbd2 Be7 7. h3 0-0 8. Be2 d5 9. 0-0 c4 10. Ne5 b5 11. b4 a5 12. a3 Nbd7 13. Qc2 Qb6 14. Bf3 Ra6 15. e4 Rfa8 16. Nxd7 Nxd7 17. Rac1 axb4 18. axb4 dxe4 19. Nxe4 Nf6 20. Nxf6+ Bxf6 21. Qe2 Bxf3 22. Qxf3 Qc6 23. Qg3 Ra3 24. Be5 Bxe5 25. Qxe5 Qd5 26. Qf4 h6 27. Rfe1 Rb3 28. Re5 Qb7 29. Rc5 Rf8 30. Qe5 Qa6 31. Rxb5 Rxc3 32. Re1 Qa3 33. Re4 Qc1+ 34. Kh2 Qg5 35. Qxg5 hxg5 36. Rxg5 Rb8 37. d5 exd5 38. Rxd5 g6 39. Rd7 Rf8 40. Rc7 Rc2 41. Rexc4 Rxf2 42. Rc2 Rf4 43. Rb7 Rd8 44. b5 Rdd4 45. Rb2 Rb4 46. Rxb4 Rxb4 47. Kg3 Rb2 48. Kf3 Kg7 49. Rb6 Kh7 50. g3 Rb4 51. h4 Kg7 52. g4 Rb3+ 53. Kf2 Rb4 54. h5 Rxg4 55. hxg6 fxg6 56. Rc6 Rb4 57. b6 Kh6 58. Ke3 Kh5 59. Kd3 g5 60. Kc3 Rb1 61. Kc4 Kh4 62. Rh6+ Kg3 63. Kc5 g4 64. Kc6 Kg2 65. Kc7 g3 66. b7 Rxb7+ 67. Kxb7 Kf2 1/2-1/2